Actors With the Most Movies in the IMDB Top 250 - Statistics

General Stats
  • This quiz has been taken 1,966 times
    1,323 since last reset
  • The average score is 8 of 22
Answer Stats
No. of Movies Actor Movies % Correct
6 Leonardo DiCaprio Inception, The Departed, Django Unchained, The Wolf of Wall Street, Shutter Island, Catch Me If You Can
86%
9 Robert De Niro The Godfather: Part II, Goodfellas, Joker, Once Upon a Time in America, Heat, Taxi Driver, Casino, Raging Bull, The Deer Hunter
85%
5 Brad Pitt Fight Club, Seven, Inglourious Basterds, Snatch, 12 Years a Slave,
78%
6 Tom Hanks Forrest Gump, The Green Mile, Saving Private Ryan, Toy Story, Toy Story 3, Catch Me If You Can
71%
7 Morgan Freeman The Shawshank Redemption, The Dark Knight, Seven, The Dark Knight Rises, Batman Begins, Unforgiven, Million Dollar Baby
64%
6 Christian Bale The Dark Knight, The Prestige, The Dark Knight Rises, Batman Begins, Howl's Moving Castle, Le Mans '66
59%
7 Samuel L. Jackson Pulp Fiction, Goodfellas, Avengers: Endgame, Avengers: Infinity War, Django Unchained, Inglourious Basterds, Jurassic Park
57%
7 Harrison Ford Star Wars: Episode V - The Empire Strikes Back, Star Wars: Episode IV - A New Hope, Apocalypse Now, Raiders of the Lost Ark, Star Wars: Episode VI - Return of the Jedi, Indiana Jones and the Last Crusade, Blade Runner
43%
5 Clint Eastwood The Good, The Bad and The Ugly, Unforgiven, For a Few Dollars More, Gran Torino, Million Dollar Baby
40%
5 James Stewart It's a Wonderful Life, Rear Window, Vertigo, The Man Who Shot Liberty Valance, Mr. Smith Goes to Washington
29%
6 Michael Caine The Dark Knight, Inception, Interstellar, The Prestige, The Dark Knight Rises, Batman Begins
28%
5 Cillian Murphy The Dark Knight, Inception, Oppenheimer, The Dark Knight Rises, Batman Begins
26%
7 Charlie Chaplin Modern Times, City Lights, The Great Dictator, The Kid, The Gold Rush, Limelight, The Circus
23%
5 James Earl Jones Star Wars: Episode V - The Empire Strikes Back, Star Wars: Episode IV - A New Hope, The Lion King, Dr. Strangelove or: How I Learned to Stop Worrying and Love the Bomb, Star Wars: Episode VI - Return of the Jedi
18%
5 Gary Oldman The Dark Knight, Leon, The Dark Knight Rises, Batman Begins, Harry Potter and the Deathly Hallows: Part 2
17%
5 Mark Ruffalo Avengers: Endgame, Avengers: Infinity War, Eternal Sunshine of the Spotless Mind, Shutter Island, Spotlight
13%
5 Robert Duvall The Godfather, The Godfather: Part II, Apocalypse Now, To Kill a Mockingbird, Network
13%
5 Alec Guinness Star Wars: Episode V - The Empire Strikes Back, Star Wars: Episode IV - A New Hope, Star Wars: Episode VI - Return of the Jedi, Lawrence of Arabia, The Bridge on the River Kwai
8%
5 Harvey Keitel Pulp Fiction, Inglourious Basterds, Reservoir Dogs, Taxi Driver, The Grand Budapest Hotel
6%
5 Steve Buscemi Pulp Fiction, Reservoir Dogs, Fargo, The Big Lebowski, Monsters Inc.
6%
5 Benedict Cumberbatch Avengers: Endgame, Avengers: Infinity War, Spider-Man: No Way Home, 1917, 12 Years a Slave
5%
6 Hugo Weaving The Lord of the Rings: The Return of the King, The Lord of the Rings: The Fellowship of the Ring, The Matrix, The Lord of the Rings: The Two Towers, V for Vendetta, Hacksaw Ridge
2%
No matching quizzes found
Score Distribution
Percent of People with Each Score
Percentile by Number Answered
Your Score History
You have not taken this quiz since the last reset